Borussia Mönchengladbach Squad 2023-2024 - Statistics

General Stats
  • This quiz has been taken 96 times
    68 since last reset
  • The average score is 25 of 33
Answer Stats
# Position Nation Player % Correct
1 GK Switzerland Jonas Omlin
98%
3 DF Japan Ko Itakura
98%
29 DF United States Joe Scally
96%
9 FW France Franck Honorat
92%
17 MF France Manu Koné
92%
14 FW France Alassane Pléa
91%
30 DF Switzerland Nico Elvedi
91%
18 DF Austria Stefan Lainer
91%
31 FW Czech Republic Tomáš Čvančara
89%
10 MF Germany Florian Neuhaus
83%
8 MF Germany Julian Weigl
83%
33 GK Germany Moritz Nicolas
83%
7 FW Germany Patrick Herrmann
83%
2 DF Italy Fabio Chiarodia
79%
13 FW United States Jordan
79%
23 MF Germany Christoph Kramer
77%
- Coach Switzerland Gerardo Seoane
77%
20 DF Germany Luca Netz
77%
5 DF Germany Marvin Friedrich
75%
19 FW France Nathan N'Goumou
75%
39 DF Austria Maximilian Wöber
74%
27 MF Germany Rocco Reitz
74%
24 DF Germany Tony Jantschke
72%
41 GK Germany Jan Olschowsky
70%
25 FW Germany Robin Hack
66%
21 GK Germany Tobias Sippel
66%
38 FW Luxembourg Yvandro Borges Sanches
62%
28 FW Armenia Grant-Leon Ranos
60%
11 FW Austria Hannes Wolf
57%
4 DF France Mamadou Doucouré
49%
49 FW Japan Shio Fukuda
43%
26 DF Germany Lukas Ullrich
38%
45 DF Germany Simon Walde
30%
No matching quizzes found
Score Distribution
Percent of People with Each Score
Percentile by Number Answered
Your Score History
You have not taken this quiz since the last reset